[Event "Skopje op-B"]
[Site "Skopje"]
[Date "2023.12.10"]
[Round "7"]
[White "Ivanov, Vasil A"]
[Black "Junc, Ioan Stefan"]
[Result "0-1"]
[WhiteElo "1159"]
[BlackElo "1567"]
[PlyCount "37"]
[EventDate "2023.12.06"]
[EventType "swiss"]
[EventRounds "9"]
[EventCountry "MKD"]
[SourceTitle "CB51_2023"]
[SourceDate "2023.12.20"]
[SourceVersion "1"]
[SourceVersionDate "2023.12.20"]
[SourceQuality "1"]

1. d4 d5 2. Bf4 Nf6 3. e3 Bf5 4. c4 e6 5. Nc3 c6 6. Nf3 Bd6 7. Bg3 0-0 8. Bd3 h6 9. Ne5 Ne4 10. a3 dxc4 11. Nxc4 Be7 12. Nxe4 Bxe4 13. f3 Bh7 14. Ne5 Nd7 15. Bxh7+ Kxh7 16. Nd3 f5 17. Be5 Nf6 18. Qb3 Qd5 19. Qxb7 0-1

[Event "Skopje op-B"]
[Site "Skopje"]
[Date "2023.12.08"]
[Round "4"]
[White "Gunesli, Eymen Giray"]
[Black "Junc, Ioan Stefan"]
[Result "1-0"]
[WhiteElo "1306"]
[BlackElo "1567"]
[PlyCount "89"]
[EventDate "2023.12.06"]
[EventType "swiss"]
[EventRounds "9"]
[EventCountry "MKD"]
[SourceTitle "CB51_2023"]
[SourceDate "2023.12.20"]
[SourceVersion "1"]
[SourceVersionDate "2023.12.20"]
[SourceQuality "1"]

1. e4 c6 2. c4 d5 3. cxd5 cxd5 4. exd5 Nf6 5. Nc3 Nxd5 6. Nf3 Nc6 7. Bb5 Nxc3 8. bxc3 Bd7 9. Qe2 e6 10. d4 Be7 11. Bd3 0-0 12. Qe4 f5 13. Qe2 Bd6 14. Ne5 Nxe5 15. dxe5 Bc5 16. Be3 Qc7 17. Bxc5 Qxc5 18. 0-0 Qxc3 19. Rac1 Qa5 20. Rfd1 Rac8 21. Bc4 b5 22. Bb3 Qb6 23. Rxc8 Bxc8 24. Rd6 Qc5 25. Bxe6+ Bxe6 26. Rxe6 Qc1+ 27. Qf1 Qxf1+ 28. Kxf1 b4 29. Ra6 Rf7 30. Ke2 Rc7 31. Kd3 Kf7 32. Ra4 Ke6 33. f4 g5 34. g3 gxf4 35. gxf4 Rc3+ 36. Kd4 Rf3 37. Ra6+ Ke7 38. Rxa7+ Ke6 39. Ra6+ Ke7 40. Kd5 Rxf4 41. Ra7+ Ke8 42. Ke6 Kd8 43. Kf6 Rc4 44. e6 Rc8 45. Kf7 1-0